00986nas a2200229Ia 4500001001100000003000900011008004100020040001300061040001300074041001300087100004600100210001200146222001200158245011200170250001100282260002200293501008600315300002000401362003000421500026200451650004300713R142/D7744IT-RoPAU151124c99999999xx |||||||||||| ||und|| aIT-RoPAU cIT-RoPAU aFRANCESE aBardini ThierrygCodice Aut. SPICS: 46362 aRESEAUX aReseaux aRESEAUX, N.076 (MARZO/APRILE 1996)bChangement Et Reseaux Socio-Techniques: De L'Inscription A L'Affordance a1a ed. aPARISbCNETc1996 bPaulus - SPICS - Società San Paolo EM (non-commercial uses only)cCopyright2015 a31 p. [125-155] aN.076 (MARZO/APRILE 1996) aCambiamenti e Reti Sociotecniche: Sintesi del Bagaglio Intellettuale Appropriato All'Analisi del Cambiamento Tecnico. per una Sociologia Intermediaria. Reti di Diffusione. Attore-Rete. Rete Ibrida. Interattività, Iscrizionie Utilizzazioni. Virtuale e Imma aCOMUNICAZIONEvPUBBLICAZIONE PERIODICA